Badminton - Champions TOP 12 - Statistiques

Statistiques générales
  • Ce quiz a été pris 78 fois
  • Le résultat moyen est 20 sur 43
Statistiques - réponses
Saison Club % Correct
2023 - 2024 Badminton Club Fos-sur-Mer
95%
2007 - 2008 Badminton Club Fos-sur-Mer
95%
2022 - 2023 Badminton Club Chambly
82%
2021 - 2022 Badminton Club Chambly
82%
2018 - 2019 Badminton Club Chambly
82%
2017 - 2018 Badminton Club Chambly
82%
2016 - 2017 Badminton Club Chambly
82%
2015 - 2016 Badminton Club Chambly
82%
2014 - 2015 Badminton Club Chambly
82%
2013 - 2014 Badminton Club Chambly
82%
2012 - 2013 ASPTT Strasbourg
77%
1992 - 1993 CEBA Strasbourg
69%
2004 - 2005 Aix Université Club
45%
2001 - 2002 Aix Université Club
45%
1999 - 2000 Aix Université Club
45%
2000 - 2001 Racing Club de France
37%
1998 - 1999 Racing Club de France
37%
1997 - 1998 Racing Club de France
37%
1988 - 1989 Racing Club de France
37%
1985 - 1986 Racing Club de France
37%
1984 - 1985 Racing Club de France
37%
1983 - 1984 Racing Club de France
37%
1982 - 1983 Racing Club de France
37%
1981 - 1982 Racing Club de France
37%
1980 - 1981 Racing Club de France
37%
1979 - 1980 Racing Club de France
37%
2010 - 2011 Union Saint-Bruno Bordeaux
32%
2011 - 2012 Issy les Moulineaux Badminton Club
31%
2009 - 2010 Issy les Moulineaux BC Badminton Club
31%
2008 - 2009 Issy les Moulineaux BC Badminton Club
31%
2006 - 2007 Issy les Moulineaux BC Badminton Club
31%
2005 - 2006 Issy les Moulineaux BC Badminton Club
31%
2003 - 2004 Issy les Moulineaux BC Badminton Club
31%
2002 - 2003 Issy les Moulineaux BC Badminton Club
31%
1996 - 1997 Issy les Moulineaux BC Badminton Club
31%
1995 - 1996 Issy les Moulineaux BC Badminton Club
31%
1994 - 1995 Issy les Moulineaux BC Badminton Club
31%
1993 - 1994 Issy les Moulineaux BC Badminton Club
31%
1990 - 1991 Issy les Moulineaux BC Badminton Club
31%
1989 - 1990 Issy les Moulineaux BC Badminton Club
31%
1991 - 1992 Le Havre Badminton Club
16%
1987 - 1988 Le Havre Badminton Club
16%
1986 - 1987 Evry Base 91
13%
Aucun quiz correspondant
Distribution des résultats
% des personnes avec chaque résultat
Percentile par nombre de réponses
Votre historique - résultats
Vous n’avez pas pris ce quiz